00693cam a22002174a 45000010005000000030009000050050017000140080041000310200015000720400023000870820021001101000022001312450079001532500019002322600060002513000046003115040053003576500024004107000024004347000017004583740BD-DhUAP20201223100346.0201223s1995 njuab b 001 0 eng  a013556557X aDLCcDLCdBD-DhUAP00a658.4012 MIN223 aMintzberg, Henry. aThe strategy process /cHenry Mintzberg, James Brian Quinn and John Voyer. aCollegiate ed. aEnglewood Cliffs, New Jersey : bPrentice Hall,cc1995. axxi, 595 pages :billustrations ;c26 cm. aIncludes bibliographical references and indexes. 0aStrategic planning. aQuinn, James Brian. aVoyer, John.